000
00336nam a22001457a 4500
008
230124b ||||| |||| 00| 0 eng d
020
_a
9781618532763
041
_a
eng
080
_2
FIRST EDITION
_a
338
082
_a
338WAL
100
_a
23
101
_a
ACC
245
_a
FINANCIAL MANAGERIAL ACCOUNTING
_c
WALLACE
942
_2
udc
_c
BK
999
_c
59272
_d
59272